000 nam a22 7a 4500
999 _c233160
_d233160
003 Nust
005 20170303120809.0
008 170303b xxu||||| |||| 00| 0 eng d
040 _cDLC
082 _a928 MUM
245 _aعلی پور کا ایلی
_cممتا ز مفتی
260 _aLahore :
_c2009
300 _a984p. :
_c27cm
942 _2ddc
_cBK